Primenenie radioaktivnych izotopov v technike /
Gespeichert in:
| 1. Verfasser: | |
|---|---|
| Format: | Buch |
| Sprache: | Russisch |
| Veröffentlicht: |
Moskva :
Mašgiz,
1958
|
| Schlagworte: | |
| Tags: |
Keine Tags, Fügen Sie das erste Tag hinzu!
|
MARC
| LEADER | 00000nam a22000003a 4500 | ||
|---|---|---|---|
| 001 | stu35562 | ||
| 005 | 20150617225730.8 | ||
| 008 | 920428s1958----xxr-----------------rus-d | ||
| 040 | |a STU |b slo | ||
| 041 | 0 | |a rus | |
| 044 | |a xxr | ||
| 080 | |a 621.039.8 | ||
| 100 | 1 | |a Djačenko, P.E |4 aut | |
| 245 | 1 | |a Primenenie radioaktivnych izotopov v technike / |c [aut.]P.E. Djačenko | |
| 260 | |a Moskva : |b Mašgiz, |c 1958 | ||
| 300 | |a 214 s | ||
| 650 | 7 | |a Izotopy rádioaktívne |2 stusub | |
| 996 | |b 284M015753 |c M*3719-1 |l MMKN |s A |a 24 |w stu35562_0001 | ||